Quizzes
Events
Quiz Creation
Community
Videos
Private Events
Remove Ads
Sign In
Join for FREE
Feedback
Dark Mode
Quiz Categories
Sports
Geography
Music
Movies
Television
Just For Fun
Miscellaneous
History
Literature
Language
Science
Gaming
Entertainment
Religion
Holiday
For Kids
Quiz Lab
Recent
Popular Today
Quiz Kudos Today
Editor Picks
Curator Picks
Quizzes by...
Day
Popularity
Type
Ratings
Length
Year
Community
Subscriptions
Recent Discussions
Orange Saloon
Badges
Playlists
Quests
Create
Leaderboards
Showdown
Live 5
Trivia Bingo
Activity
Puzzle Library
Sporcle Events
Private Events
Virtual Trivia
Globe League
Become a Host
Pub Owners
SporcleCon
Opinionation
Our Games
Videos
Blog
Mobile Apps
Partnerships
Remove Ads and Go Orange
Feedback
Geography
Country
Landmarks
City
State
Population
World
Capital
Continent
Flags
Europe
Africa
Asia
South America
North America
Oceania
Border
Canada
United Kingdom
Topography
United States
Geography
Country
Landmarks
City
State
Population
World
Capital
Continent
Flags
Europe
Africa
Asia
South America
North America
Oceania
Border
Canada
United Kingdom
Topography
United States
Random Quiz
Search Sporcle
×
Quiz Lab
Quiz Lab
Geography
Country
Type in answers that appear in a list
Type in answers that appear in a list
Classic
Best Score? Go Orange.
Landlocked Country or Not Stats
Can you name the countries which are landlocked and countries which aren't?
By
seacowman01
2m
36 Questions
231 Plays
231 Plays
231 Plays
Comments
Comments
Give Quiz Kudos
Give Quiz Kudos
-
- Ratings
hide this ad
More Info
Forced Order
Answers have to be entered in order
Answers have to be entered in order
Wrong Answers
Some wrong answers will appear in red
Some wrong answers will appear in red
Random Order
Randomize order of answers
Randomize order of answers
Replay
Link that replays current quiz
Next Quiz
Link to next quiz in quiz playlist
You Got
0%
They Got
Avg Score
80%
Avg Friend Score
Upgrade to see
Score Distribution
Jump to the score distribution portion of the page
Score
0/36
Timer
02:00
0
Plays Today
Country
Enter Y or N
% Correct
South Africa
???
87%
France
???
85.7%
Russia
???
85.7%
Algeria
???
85.3%
Chad
???
84.8%
Nepal
???
84.8%
Thailand
???
84.4%
Egypt
???
84%
China
???
84%
Czech Republic
???
83.5%
Tajikistan
???
83.5%
Kyrgyzstan
???
83.5%
Germany
???
83.5%
Sweden
???
83.1%
Ecuador
???
83.1%
Bangladesh
???
83.1%
Afghanistan
???
82.3%
Yemen
???
81.8%
Country
Enter Y or N
% Correct
Venezuela
???
81.8%
Somalia
???
81.8%
Botswana
???
81%
Kazakhstan
???
80.1%
Belarus
???
79.7%
Paraguay
???
78.8%
Pakistan
???
78.8%
Uganda
???
78.4%
Serbia
???
78.4%
Zambia
???
78.4%
Kenya
???
77.5%
Namibia
???
77.1%
Bolivia
???
75.8%
Mali
???
74.5%
Ethiopia
???
72.3%
Laos
???
71.4%
Azerbaijan
???
71%
Slovenia
???
64.1%
Quiz Playlist
Details
Report
Send in Message
Add To Playlist
More Info:
NOTE: Enter 'Y' for landlocked countries and 'N' for non-landlocked countries
Classic:
Type in answers that appear in a list
Forced Order:
Answers have to be entered in order
Wrong Answers:
Some wrong answers will appear in red
Random Order:
Randomize order of answers
Last Updated: Feb 16, 2017
Quiz Scoreboard
CHALLENGE
Sign Up to Join the Scoreboard
Show All
Scores
Hide
Comments
May contain spoilers
Recently Published
An Introduction to Baseball
by treessimontrees
Sports
5m
Movies - When Are They Set?
by FPL_Elf
Movies
5m
Popular People in 1961
by mucciniale
History
6m
More to Explore
Quiz From the Vault
Featured Blog Post
Where Did the Easter Bunny Come From?
hide this ad
You Might Also Like...
Tags
Country Quiz
This or That Quiz
Landlocked
No
not
Yes
Today's Top Quizzes in Geography
Browse Geography
hide this ad
Today's Top Quizzes in Country
Browse Country
Top Contributed Quizzes in Geography
1
Countries of the World - No Outlines Minefield
2
Top 25 Cities of France on a map
3
Any capital of a 'B' country per Continent
4
Closest Countries to UK A-Z
5
One Thing in Common: United Kingdom
6
Any capital of a 'C' country per Continent
7
Find the Provinces of Canada - No Outlines Minefield
8
Any capital of a 'D' country per Continent
9
Find the US States - No Outlines
10
Blind Secret Country CLXXXVIII
Explore More
Trending Topics
Marvel
Harry Potter
NBA
Anime
Kpop
Crossword
Disney
Puzzle
Song
The Office
Pokémon
WWE
NFL
Country
Soccer
hide this ad
More By:
seacowman01
Quiz
Plays
Rating
Category
Featured
Created
Pixar Bunker
740,051
4.02
Movies
Jan 10, 2012
European Countries Border Blitz
140,900
4.61
Geography
Dec 22, 2011
Car Logos Close-Up
113,511
4.42
Miscellaneous
May 12, 2012
'R'-Less States
112,364
4.50
Geography
Feb 10, 2012
Past Tense Blitz
99,750
4.51
Language
Dec 5, 2011
Go to Creator's Profile
Score Distribution
Quiz Creator Spotlight
seacowman01
Follow
Send a Message
Quizzes Created
-
Created Quiz Play Count
-
More By This Creator
Popular Quizzes Today
1
Find the Countries of Europe - No Outlines Minefield
2
Find the US States - No Outlines Minefield
3
The Countries of the World
4
Popular People in 1961
5
Find the US States
6
US States
7
1-10 Letter E Words III
8
Risky Map Clicking: Biggest States A-Z
More Geography Quizzes
States by Cufflinks
Curator's Pick
Trending Quizzes
Risky Map Clicking: Least Populous States A-Z
1-10 Letter F Words
1-10 Letter G Words
Not Quite an Element Typing Challenge
One Thing in Common: United Kingdom
Recently Updated
Leaping Animals
pecheneg
Reality TV Shows (A-Z)
bhenderson79
Rickey Henderson's Hall of Fame Teammates
pecheneg
Champions League XIs: Arsenal
pecheneg
Quick Pick: Celebrities in WWE's Hall of Fame
aduchscher
A-Z Keypad Blitz II
pecheneg
Multiple Oscar Actors
pecheneg
Mystery Phrase Blitz: Oscar 'Best Actors'
pecheneg
F. Scott Fitzgerald Novels
LTH
Pick 3 Villains
ddd62291
Trending Topics
Kpop
Anime
Crossword
Marvel
Harry Potter
NBA
Disney
WWE
Puzzle
NFL
Soccer
Song
Pokémon
The Office
Country
Your Account Isn't Verified!
In order to create a playlist on Sporcle, you need to verify the email address you used during registration. Go to your
Sporcle Settings
to finish the process.
Report this User
Report this user for behavior that violates our
Community Guidelines
.
Details:
Send Report
Go to the Sporcle.com Mobile Site →
Comments